Statistics for Denver Broncos Lineup

Click here to take the quiz!

General Stats

  • This quiz has been taken 43 times
  • The average score is 11 of 22

Answer Stats

PositionPlayer% Correct
QBCase Keenum
94%
WR 1Emmanuel Sanders
91%
LOLBVon Miller
91%
RBPhillip Lindsay
89%
WR 2Courtland Sutton
86%
CB 1Chris Harris Jr.
86%
REBradley Chubb
77%
LTGarrett Bolles
74%
FSJustin Simmons
63%
KBrandon McManus
63%
LEDerek Wolfe
60%
CB 2Bradley Roby
49%
SSDarian Stewart
40%
TEJeff Heuerman
37%
MLBBrandon Marshall
34%
CConnor McGovern
31%
DTDomata Peko Jr.
29%
PColby Wadman
29%
ROLBShaquil Barrett
17%
RGBilly Turner
3%
RTJared Veldheer
3%
LGNico Falah
0%

Score Distribution

Percentile by Number Answered

Percent of People with Each Score

Your Score History

You have not taken this quiz